000 00644nam a22002057a 4500
005 20251108175845.0
008 250721s2023 xx 000 0 ara d
082 1 4 _aط/926.1/ظفي
100 1 _aالظفيري، فرج
245 1 0 _aالزهراوي :
_bابو الجراحة /
264 1 _aعمان :
_bالف باء تاء ناشرون،
_c2023.
300 _a22ص.
490 0 _aسلسلة علماء المسلمين
650 1 7 _aالتراجم
650 1 7 _aالعلماء المسلمون
650 1 7 _aالاطباء
653 _aاطفال مرحلة متوسطة(6-9)سنوات
942 _2ddc
_cBK
999 _c144078
_d144078